Name all South american capital cities - Statistics

General Stats
  • This quiz has been taken 236 times
  • The average score is 7 of 11
Answer Stats
Country Answer % Correct
Brazil Brasilia
96%
Argentina Buenos aires
86%
Peru Lima
78%
Chile Santiago
76%
Colombia Bogota
73%
Uruguay Montevideo
67%
Venezuela Caracas
66%
Ecuador Quito
53%
Paraguay Asuncion
51%
Guyana Georgetown
45%
Suriname Paramaribo
37%
No matching quizzes found
Score Distribution
Percent of People with Each Score
Percentile by Number Answered
Your Score History
You have not taken this quiz